00688nam a2200241 a 4500001001300000003000900013005001700022008004100039020001000080082001700090100002000107245002400127260003200151300000900183500003500192505001100227650004000238700002000278902000800298942000700306952011800313999001500431nice12345678IN_TiNIC20260116012255.0050524s1953 bosa grp 000 0 eng  ac10000a320.973bROY aRoy, Ralph Lord aApostles of Discord aBostonbBeacon Press c1953 a437p aincludes index and biblioraphy2 aErrata aReligion and Politics-United States1 aRoy, Ralph Lord bSRS cBK 001040708StackRoom-aHMIbHMId2007-04-05g100.00l0o320.973 ROYp012694r2007-04-05v100.00w2005-05-24yBK c6343d6343